Pokémon - Word Chain 2 - Statistics

General Stats
  • This quiz has been taken 90 times
  • The average score is 20 of 30
Answer Stats
Clue Pokémon % Correct
He's a cute little fire lizard and a Gen 1 Starter. Who wouldn't love him? Charmander
100%
The overshadowed Evolution to the Pokémon mascot. Raichu
94%
This Ghost is very scary, but not as scary as his Two Evolved forms. Gastly
88%
How does this Punching Pokemon pick things up if his hands are boxing gloves? Hitmonchan
85%
Its a pile of sludge. Quite literally. Muk
85%
This very large bear is very protective of its' young. It also has a Moon theme going in its evolutionary line. Ursaring
85%
An Octopus evolved from a fish, very unusual for evolution in the games. Octillery
75%
This Ghost keeps a memento of its' time as a human. At least it isn't a coffin yet. Yamask
75%
It's a shame that this fully evolved Grass Starter is often overlooked, it has a decent movepool for its' early generation. Meganium
72%
This fully evolved Steel Type really Grinds My Gears sometimes. Klinklang
69%
An Electrical Legendary Giant, the fastest Pokémon in the game. Regieleki
69%
This Rock Pokémon that lives on the sea floor hasn't changed for 100 million years.It makes sense that it doesn't evolve. Relicanth
69%
I, for one, would love an Electric Dog. Its' not the scariest looking one, but by Gen 8 theymust have been tired of that. Yamper
69%
Maybe this Paradoxical version of Santa's Helper takes presents instead of gives them? Iron Bundle
65%
This must be a very popular Pokémon on Valentine's Day. You can give your Heart Scaleto someone. Luvdisc
65%
You could make yourself a nice jacket out of this Pokémon's wool. Watch out for the Static Shock though. Mareep
63%
This Rock/Poison Ultra-Beasts neurotoxin is capable of altering your thought processes.Very scary. Nihilego
62%
You don't need to be able to see the future like this Psychic Bird to win at Pokémon. Xatu
62%
The Weather outside can be anything you like with this Gen 3 experimental pokemon. Castform
60%
It's a real Whale of a Pokémon. Watch out for the Water coming out of its' Spout. Wailord
60%
If this Gen 5 Psychic pre-evolution wasn't from a UFO, i'd be surprised. It just a gray color away from a classic alien. Elgyem
57%
Halloween is coming up, maybe I should get one of these Pokémon for my front porch.Do I have to carve the holes myself or does it come like that? Gourgeist
57%
Did U Know that this pokemon has 28 different forms? Maybe they should make a cerealout of it. Unown
57%
Ash had a Shiny One of this Wise winged Pokémon in the anime Noctowl
54%
The regional bird of Hoenn can be pretty good if you get one with the Guts ability. Swellow
54%
A Stealth Rock user that can't be blocked? You don't have to Stone Axe me twice. Kleavor
53%
This Water/Poison type is a stallers dream, it's a Merciless Foe. Toxapex
53%
The Two Mushrooms on its' back will eventually take over its' mind, but not until it evolves Paras
51%
The Pokedex says This Flying Ghost stays aloft on the power of souls, but I bet its just air. Drifblim
50%
This Mythical Pokémon's Relic Song changes its' type to Fighting. Meloetta
49%
No matching quizzes found
Score Distribution
Percent of People with Each Score
Percentile by Number Answered
Your Score History
You have not taken this quiz